| 000 | 00333nam a22001337a 4500 | ||
|---|---|---|---|
| 082 | _a604.2 BHA'E | ||
| 100 |
_aBHATT, N. D _910018 |
||
| 245 | _aELEMENTRY ENGINEERING DRAWING:PLANE AND SOLID GEOMETRY | ||
| 250 | _a35TH | ||
| 260 |
_aINDIA _bCHAROTER _c1996 |
||
| 300 | _a304P | ||
| 650 |
_aENGINEERING DRAWING _973872 |
||
| 942 | _cBK | ||
| 999 |
_c579499 _d579499 |
||